[Event "European Blitz 2017"]
[Site "Katowice POL"]
[Date "2017.12.15"]
[Round "19.68"]
[White "Zaleski, Lukasz"]
[Black "Troyke, Christian"]
[Result "0-1"]
[BlackTitle "IM"]
[WhiteElo "2229"]
[BlackElo "2348"]
[WhiteFideId "1172611"]
[BlackFideId "4616278"]
[EventDate "2017.12.15"]
[EventType "blitz"]

1. e4 c5 2. Nf3 g6 3. d4 cxd4 4. Nxd4 Bg7 5. c4 Nc6 6. Be3 Nf6 7. Nc3 O-O 8. Be2
d6 9. O-O Bd7 10. f3 Nxd4 11. Bxd4 a5 12. b3 Bc6 13. Rc1 Nd7 14. Be3 Nc5 15. a3
Qb6 16. Nb5 Bxb5 17. cxb5 Qd8 18. b4 axb4 19. axb4 Na4 20. Qb3 Nb6 21. Rc2 d5
22. Rd1 d4 23. Bf2 e5 24. Rdc1 Na4 25. Bc4 Nc3 26. Rd2 Qc7 27. b6 Qe7 28. Rdc2
Rac8 29. Kh1 h5 30. Rxc3 dxc3 31. Bc5 Rxc5 32. bxc5 Qxc5 33. Rxc3 Qf2 34. Rc1 h4
35. Bd5 Bh6 36. Rg1 Be3 37. Rb1 h3 38. g3 Qg2# 0-1

[Event "European Blitz 2017"]
[Site "Katowice POL"]
[Date "2017.12.15"]
[Round "19.69"]
[White "Stojcevski, Zoran"]
[Black "Snihur, Piotr"]
[Result "1-0"]
[WhiteTitle "FM"]
[WhiteElo "2337"]
[BlackElo "2233"]
[WhiteFideId "15000192"]
[BlackFideId "1157191"]
[EventDate "2017.12.15"]
[EventType "blitz"]

1. e4 c5 2. Nc3 e6 3. f4 d5 4. Nf3 Nc6 5. Bb5 Qd6 6. d3 a6 7. Bxc6+ Qxc6 8. Ne5
Qd6 9. O-O d4 10. Nb1 Qc7 11. a4 b6 12. Na3 Nf6 13. Nac4 Be7 14. Bd2 O-O 15. Qe1
Bb7 16. Qg3 Rae8 17. f5 exf5 18. Rxf5 Bd6 19. Bh6 g6 20. Rxf6 Bxe5 21. Nxe5 Rxe5
22. Bxf8 Kxf8 23. Raf1 Re7 24. Rxf7+ Ke8 25. Qxc7 1-0

[Event "European Blitz 2017"]
[Site "Katowice POL"]
[Date "2017.12.15"]
[Round "19.70"]
[White "Krzyzanowski, Marcin"]
[Black "Szpar, Milosz"]
[Result "1-0"]
[WhiteTitle "IM"]
[BlackTitle "FM"]
[WhiteElo "2457"]
[BlackElo "2367"]
[WhiteFideId "1132199"]
[BlackFideId "1184989"]
[EventDate "2017.12.15"]
[EventType "blitz"]

1. e4 d6 2. d4 Nf6 3. Nc3 e5 4. Nf3 Nbd7 5. g4 Nxg4 6. Rg1 Ngf6 7. Bc4 exd4 8.
Qxd4 Nb6 9. Bb3 c5 10. Qd3 Be6 11. Bxe6 fxe6 12. Bg5 h6 13. Bh4 c4 14. Qe3 Qe7
15. O-O-O O-O-O 16. Nb5 Kb8 17. e5 g5 18. exf6 Qxf6 19. Bg3 Bg7 20. Qa3 Na4 21.
Bxd6+ 1-0

[Event "European Blitz 2017"]
[Site "Katowice POL"]
[Date "2017.12.15"]
[Round "19.71"]
[White "Schulz, Karsten"]
[Black "Lupik, Marina"]
[Result "1/2-1/2"]
[WhiteTitle "FM"]
[BlackTitle "WIM"]
[WhiteElo "2293"]
[BlackElo "2190"]
[WhiteFideId "4611446"]
[BlackFideId "4177495"]
[EventDate "2017.12.15"]
[EventType "swiss"]

1. Nf3 d5 2. g3 c5 3. Bg2 g6 4. c4 d4 5. b4 cxb4 6. d3 Bg7 7. O-O Nc6 8. a3 bxa3
9. Bxa3 Nf6 10. Nbd2 O-O 11. Qb3 Re8 12. Rfb1 e5 13. Ng5 h6 14. Nge4 Nxe4 15.
Nxe4 Qc7 16. Nd6 Re6 17. Nxc8 Rxc8 18. Qxb7 Bf8 19. Bxf8 Kxf8 20. Bd5 Rd6 21.
Ra6 Nd8 1/2-1/2

[Event "European Blitz 2017"]
[Site "Katowice POL"]
[Date "2017.12.15"]
[Round "19.72"]
[White "Kovalev, Vladislav"]
[Black "Barski, Radoslaw"]
[Result "1-0"]
[WhiteTitle "GM"]
[BlackTitle "IM"]
[WhiteElo "2639"]
[BlackElo "2452"]
[WhiteFideId "13504398"]
[BlackFideId "1131710"]
[EventDate "2017.12.15"]
[EventType "blitz"]

1. d4 Nf6 2. Bf4 e6 3. e3 c5 4. c3 Nc6 5. Nd2 d5 6. Ngf3 cxd4 7. exd4 Nh5 8. Bg5
f6 9. Be3 Bd6 10. g3 O-O 11. Bg2 f5 12. Ne5 f4 13. Nxc6 bxc6 14. Qxh5 fxe3 15.
fxe3 Rb8 16. b4 a5 17. a3 Ba6 18. Bf1 Qb6 19. Bxa6 Qxa6 20. Qe2 Qa7 21. Nb3 a4
22. Nd2 e5 23. O-O-O c5 24. dxc5 Bxc5 25. Rhe1 Be7 26. Qd3 Rfd8 27. e4 dxe4 28.
Qc4+ Kh8 29. Nxe4 Rdc8 30. Qe6 Bg5+ 31. Kc2 Qc7 32. Rd7 Qb6 33. Qxb6 1-0

[Event "European Blitz 2017"]
[Site "Katowice POL"]
[Date "2017.12.15"]
[Round "19.73"]
[White "Polzin, Rainer"]
[Black "Orndahl, Markus"]
[Result "0-1"]
[WhiteTitle "GM"]
[WhiteElo "2404"]
[BlackElo "2182"]
[WhiteFideId "4610741"]
[BlackFideId "1709135"]
[EventDate "2017.12.15"]
[EventType "blitz"]

1. e4 c5 2. Nc3 d6 3. f4 g6 4. Nf3 Bg7 5. Bb5+ Bd7 6. Bc4 Bc6 7. O-O Nf6 8. e5
dxe5 9. fxe5 Nd5 10. Ng5 O-O 11. Qf3 e6 12. Nce4 Nb6 13. Qh3 h6 14. Nf6+ Kh8 15.
d3 Nxc4 16. dxc4 Qd4+ 17. Be3 Qxe5 18. Nxf7+ Rxf7 19. Bxh6 Bxf6 20. Bf4+ Qh5 21.
Qxe6 Bd4+ 22. Kh1 Qf5 23. Qe2 Qe4 24. Qg4 Qxg2+ 25. Qxg2 Bxg2+ 26. Kxg2 Nc6 27.
c3 Bg7 0-1

[Event "European Blitz 2017"]
[Site "Katowice POL"]
[Date "2017.12.15"]
[Round "19.74"]
[White "Luch, Michal"]
[Black "Tomaszewski, Kacper"]
[Result "1-0"]
[WhiteTitle "IM"]
[WhiteElo "2398"]
[BlackElo "2292"]
[WhiteFideId "1120042"]
[BlackFideId "1127373"]
[EventDate "2017.12.15"]
[EventType "blitz"]

1. d4 Nf6 2. c4 g6 3. g3 Bg7 4. Bg2 d5 5. cxd5 Nxd5 6. e4 Nb6 7. Ne2 O-O 8. O-O
Bg4 9. Nbc3 Qd7 10. b3 Nc6 11. Be3 e5 12. d5 Nd4 13. f3 Nxe2+ 14. Qxe2 Bh3 15.
Rac1 Bxg2 16. Kxg2 Nc8 17. Nb5 c6 18. dxc6 bxc6 19. Rfd1 Qb7 20. Nd6 Nxd6 21.
Rxd6 Rfc8 22. Qc4 c5 23. Rcd1 Qb4 24. Qd5 c4 25. Rd7 Rf8 26. Bc5 Qc3 27. Bxf8
Rxf8 28. Qxc4 Qb2+ 29. R1d2 Qa1 30. Rxf7 Rxf7 31. Rd7 Qxa2+ 32. Kh3 1-0

[Event "European Blitz 2017"]
[Site "Katowice POL"]
[Date "2017.12.15"]
[Round "19.75"]
[White "Lach, Aleksandra"]
[Black "Kanarek, Marcel"]
[Result "1/2-1/2"]
[WhiteTitle "WIM"]
[BlackTitle "GM"]
[WhiteElo "2209"]
[BlackElo "2505"]
[WhiteFideId "1134299"]
[BlackFideId "1126822"]
[EventDate "2017.12.15"]
[EventType "blitz"]

1. e4 c5 2. Nf3 Nc6 3. d4 cxd4 4. Nxd4 g6 5. c4 Nf6 6. Nc3 d6 7. Be2 Nxd4 8.
Qxd4 Bg7 9. Qd1 O-O 10. O-O Bd7 11. Be3 Bc6 12. f3 a5 13. Rc1 Nd7 14. b3 Nc5 15.
Kh1 Be5 16. Qe1 e6 17. Qf2 Qf6 18. Nd1 g5 19. h3 Kh8 20. Qg1 Rg8 21. Nf2 h5 22.
Nd3 Nxd3 23. Bxd3 Bf4 24. g3 Bxe3 25. Qxe3 h4 26. f4 hxg3 27. Qxg3 gxf4 28. Qxf4
Qxf4 29. Rxf4 f5 30. Kh2 fxe4 31. Bxe4 Raf8 32. Rh4+ Kg7 33. Rg1+ Kf6 34. Bxc6
bxc6 35. Rh6+ Ke7 36. Rh7+ Kf6 37. Rh6+ Ke7 38. Rh7+ Kf6 39. Rh6+ Ke7 40. Rh7+
Kf6 41. Rh6+ Ke7 42. Rh7+ Kf6 43. Rh6+ 1/2-1/2

[Event "European Blitz 2017"]
[Site "Katowice POL"]
[Date "2017.12.15"]
[Round "19.76"]
[White "Miezis, Normunds"]
[Black "Piotrowski, Przemyslaw"]
[Result "1-0"]
[WhiteTitle "GM"]
[WhiteElo "2434"]
[BlackElo "2314"]
[WhiteFideId "11600136"]
[BlackFideId "1127063"]
[EventDate "2017.12.15"]
[EventType "blitz"]

1. c4 Nf6 2. Nc3 g6 3. g3 Bg7 4. Bg2 O-O 5. e4 d6 6. Nge2 c5 7. O-O Nc6 8. a3
Be6 9. d3 a6 10. Rb1 Rb8 11. b4 cxb4 12. axb4 b5 13. cxb5 axb5 14. h3 Qc8 15.
Kh2 Rd8 16. Nd5 Qb7 17. Be3 Bxd5 18. exd5 Ne5 19. Qb3 Rdc8 20. Kg1 Ned7 21. Nd4
Nb6 22. Nc6 Nbxd5 23. Nxb8 Rxb8 24. Bg5 e6 25. Bxf6 Bxf6 26. Rbc1 Bd4 27. Rc2
Ra8 28. Rfc1 Ra4 29. Bxd5 Qxd5 30. Qxd5 exd5 31. Rb1 Ra3 32. Rd2 Bc3 33. Rdd1
Bd4 34. Rd2 Bc3 35. Re2 Bd4 36. Rd2 Bc3 37. Rc2 Bd4 38. Rd1 Rb3 39. Kg2 Rxb4 40.
Rdd2 Rb1 41. Rc6 Bc5 42. d4 Ba3 43. Rd3 b4 44. Rxd6 Bc1 45. Rxd5 b3 46. Rb5 b2
47. Rdb3 Ra1 48. Rxb2 Bxb2 49. Rxb2 Kf8 50. d5 Ke7 51. Rb7+ Kf6 52. d6 Rd1 53.
d7 Ke7 54. d8=R+ Kxd8 55. Rxf7 h5 56. Rf6 g5 57. Rf5 g4 58. hxg4 hxg4 59. Rf4
Ke7 60. Rxg4 Kf6 61. Ra4 Rd5 62. g4 Kg5 63. Kg3 Rd3+ 64. f3 Rb3 65. Ra5+ Kg6 66.
g5 Rc3 67. Kg4 Rc1 68. Ra6+ Kg7 69. f4 Rc4 70. Ra7+ Kg6 71. Ra6+ Kg7 72. Rd6 Ra4
73. Kf5 Ra5+ 74. Ke4 Ra4+ 75. Rd4 Ra1 76. Rd7+ Kg6 77. Rd6+ Kg7 78. Kf5 Ra5+ 79.
Kg4 Ra4 80. Rb6 Rc4 81. g6 Kh6 82. Kf5 Rc5+ 83. Kf6 Rc8 84. Kf7 Rc7+ 85. Kf8
Rc8+ 86. Kf7 Rc7+ 87. Kf6 Rc8 88. f5 Rf8+ 89. Ke6 Re8+ 90. Kf7 Ra8 91. Re6 Ra7+
92. Re7 Ra5 93. f6 Ra8 94. g7 Kh7 95. Re8 Ra7+ 96. Kf8 1-0

[Event "European Blitz 2017"]
[Site "Katowice POL"]
[Date "2017.12.15"]
[Round "19.77"]
[White "Schwarz, Dusan"]
[Black "Dragnev, Valentin"]
[Result "0-1"]
[BlackTitle "IM"]
[WhiteElo "2295"]
[BlackElo "2458"]
[WhiteFideId "14903890"]
[BlackFideId "1634852"]
[EventDate "2017.12.15"]
[EventType "blitz"]

1. d4 d5 2. c4 e6 3. Nc3 Nf6 4. Bg5 Be7 5. e3 Nbd7 6. Nf3 h6 7. Bh4 O-O 8. Rc1
c6 9. Bd3 dxc4 10. Bxc4 a6 11. a3 b5 12. Ba2 Bb7 13. O-O Rc8 14. b4 a5 15. Rb1
axb4 16. axb4 Nd5 17. Nxd5 exd5 18. Bxe7 Qxe7 19. Qd2 Ra8 20. Ne1 Ra3 21. Nc2
Rxa2 0-1

[Event "European Blitz 2017"]
[Site "Katowice POL"]
[Date "2017.12.15"]
[Round "19.78"]
[White "Putka, Verners"]
[Black "Smolka, Marcin"]
[Result "0-1"]
[WhiteElo "2307"]
[BlackElo "2178"]
[WhiteFideId "11600659"]
[BlackFideId "1139681"]
[EventDate "2017.12.15"]
[EventType "swiss"]

1. d4 d5 2. Nf3 Nf6 3. g3 c6 4. Bg2 Bf5 5. O-O e6 6. c4 Bd6 7. Nc3 Nbd7 8. Nd2
Bg6 9. e4 dxe4 10. Ndxe4 Bc7 11. Qe2 O-O 12. Rd1 Qb8 13. Bg5 Nxe4 14. Nxe4 f6
15. Bd2 e5 16. d5 cxd5 17. cxd5 a5 18. Rac1 Rd8 19. Be3 Ra6 20. h4 Bf7 21. h5
Nb6 22. Nc5 Ra8 23. Ne6 Bxe6 24. dxe6 Re8 25. Qg4 Kh8 26. Bxb6 Bxb6 27. Rd7 Rg8
28. Rxb7 Qd8 29. Rd1 Bd4 30. Be4 Rb8 31. Rd7 Qe8 32. b3 Rb6 33. Qf5 g6 34. Qxf6+ 0-1

[Event "European Blitz 2017"]
[Site "Katowice POL"]
[Date "2017.12.15"]
[Round "19.79"]
[White "Player, Edmund C"]
[Black "Dobrowolski, Piotr"]
[Result "0-1"]
[BlackTitle "IM"]
[WhiteElo "2174"]
[BlackElo "2421"]
[WhiteFideId "406520"]
[BlackFideId "1106236"]
[EventDate "2017.12.15"]
[EventType "blitz"]

1. e4 e6 2. d4 d5 3. Nd2 a6 4. Ngf3 c5 5. c3 Nc6 6. dxc5 Bxc5 7. Bd3 Nf6 8. O-O
Qc7 9. Qe2 dxe4 10. Nxe4 Be7 11. Bg5 Nd5 12. Bxe7 Ncxe7 13. Bc2 h6 14. Ng3 O-O
15. Qe5 Qxe5 16. Nxe5 f6 17. Nc4 b5 18. Nd6 Rd8 19. Nxc8 Raxc8 20. Bb3 Kf7 21.
Rad1 Nb6 22. Rfe1 Nc4 23. Bxc4 bxc4 24. Ne4 Nd5 25. g3 f5 26. Nd2 Kf6 27. Nf3
Rb8 28. Rd2 Nb6 29. Red1 Rxd2 30. Rxd2 Na4 31. b4 cxb3 32. axb3 Nxc3 33. Rd6
Rxb3 34. Nd4 Rb1+ 35. Kg2 Ke5 36. Rd8 Kf6 37. Rd6 Nb5 38. Rb6 Ke5 39. Nxe6 g5
40. Nc5 Kd5 41. Nxa6 Rb3 42. Nc7+ Kc4 43. Rxb5 Rxb5 44. Nxb5 Kxb5 45. Kf3 Kc4
46. g4 f4 47. h4 Kd3 48. h5 Kd4 49. Ke2 Kc3 50. Ke1 Kd3 51. Kf1 f3 52. Ke1 Kc2
53. Kf1 Kd2 54. Kg1 Ke2 55. Kh2 Kxf2 0-1

[Event "European Blitz 2017"]
[Site "Katowice POL"]
[Date "2017.12.15"]
[Round "19.80"]
[White "Sliwicki, Damian"]
[Black "Wiewiora, Eneasz"]
[Result "0-1"]
[BlackTitle "FM"]
[WhiteElo "2148"]
[BlackElo "2320"]
[WhiteFideId "1127128"]
[BlackFideId "1140396"]
[EventDate "2017.12.15"]
[EventType "blitz"]

1. e4 d6 2. Nc3 Nf6 3. d4 e5 4. Nf3 Nbd7 5. Bc4 Be7 6. O-O O-O 7. Bb3 a6 8. a4
b6 9. Bg5 Bb7 10. d5 Nc5 11. Qe2 h6 12. Bh4 Nh5 13. Bg3 Nxg3 14. hxg3 Qd7 15.
Bc4 f5 16. exf5 Qxf5 17. b4 Nd7 18. Ne4 Qf7 19. Rad1 a5 20. b5 Kh8 21. Nh2 Rae8
22. Qg4 Bc8 23. Qe2 Nf6 24. Nxf6 gxf6 25. g4 f5 26. gxf5 Bxf5 27. Bd3 e4 28.
Bxe4 Bf6 29. f3 Be5 30. Qf2 Bxe4 31. fxe4 Bxh2+ 32. Kxh2 Qxf2 33. Rxf2 Rxf2 34.
Rd3 Rxe4 35. Rc3 Rf7 36. Kg3 Rxa4 37. Re3 Rc4 38. c3 Rc5 39. Kh4 Rxd5 40. c4 Re5
41. Rd3 Rf4+ 42. g4 Rg5 43. Re3 Rfxg4+ 44. Kh3 Rxc4 45. Re7 Rg7 46. Re8+ Kh7 47.
Ra8 Rc5 48. Kh4 Rc1 0-1

[Event "European Blitz 2017"]
[Site "Katowice POL"]
[Date "2017.12.15"]
[Round "19.81"]
[White "Slabek, Grzegorz"]
[Black "Ustianovich, Nazar"]
[Result "1-0"]
[BlackTitle "FM"]
[WhiteElo "1956"]
[BlackElo "2366"]
[WhiteFideId "1105531"]
[BlackFideId "14109778"]
[EventDate "2017.12.15"]
[EventType "blitz"]

1. Nf3 c5 2. e3 Nf6 3. Be2 b6 4. O-O Bb7 5. b3 e6 6. Bb2 Be7 7. c4 O-O 8. d4
cxd4 9. Nxd4 a6 10. Bf3 Qc8 11. Nc3 d6 12. Bxb7 Qxb7 13. Qf3 Qxf3 14. Nxf3 Nc6
15. Rfd1 Rfd8 16. Ba3 b5 17. cxb5 axb5 18. Bb2 b4 19. Na4 Ra6 20. Rac1 Ne4 21.
Kf1 d5 22. Nd4 Nxd4 23. Bxd4 Bf6 24. Bxf6 gxf6 25. f3 Nd6 26. Rc7 Nb5 27. Rc5
Nc3 28. Nxc3 bxc3 29. a4 Rb8 30. Rxc3 Rab6 31. Rb1 Rb4 32. a5 R4b5 33. Ra1 Rxb3
34. Rxb3 Rxb3 35. a6 Rb8 36. a7 Ra8 37. Ke2 Kf8 38. Kd3 Ke7 39. e4 dxe4+ 40.
Kxe4 Kd6 41. f4 Kc6 42. f5 e5 43. Ra6+ Kc5 44. Rxf6 Rxa7 45. Kxe5 Re7+ 46. Kf4
Kd5 47. g4 Re4+ 48. Kf3 Re7 49. Rh6 Ke5 50. Rxh7 Kf6 51. h4 Ra7 52. Rh6+ Ke5 53.
Rh7 Ra3+ 54. Kf2 Kf4 55. g5 Kxf5 56. Rxf7+ Kg6 57. Rf6+ Kg7 58. Rf3 Ra4 59. Kg3
Kg6 60. Rf4 Ra1 61. Rf6+ Kg7 62. Kg4 Rg1+ 63. Kh5 Rg2 64. Ra6 Kf7 65. Kh6 1-0

[Event "European Blitz 2017"]
[Site "Katowice POL"]
[Date "2017.12.15"]
[Round "19.82"]
[White "Mis, Mieszko"]
[Black "Mayans, Calvo, Mariano"]
[Result "1-0"]
[WhiteElo "2240"]
[BlackElo "2233"]
[WhiteFideId "1196448"]
[BlackFideId "2251426"]
[EventDate "2017.12.15"]
[EventType "blitz"]

1. d4 Nf6 2. Nf3 e6 3. c4 Bb4+ 4. Bd2 c5 5. Bxb4 cxb4 6. g3 O-O 7. Bg2 d6 8. O-O
Qc7 9. Nbd2 e5 10. Qc2 Nc6 11. e3 Bg4 12. Rac1 Bh5 13. Rfe1 Bg6 14. Qb3 a5 15.
c5 exd4 16. Nxd4 Nxd4 17. exd4 dxc5 18. dxc5 Rad8 19. Nf3 Be4 20. Ng5 Bxg2 21.
Kxg2 Rd2 22. h3 h6 23. Nf3 Rd5 24. Qe3 Rc8 25. Qe7 Qc6 26. Kh2 Rd7 27. Qe3 Rd5
28. Nd4 Qd7 29. Nf3 Rd3 30. Qf4 Qd5 31. Nh4 Rxc5 32. Rxc5 Qxc5 33. Nf5 Rd8 34.
Nxh6+ Kf8 35. Nf5 Qc6 36. Qg5 1-0

[Event "European Blitz 2017"]
[Site "Katowice POL"]
[Date "2017.12.15"]
[Round "19.83"]
[White "Psyk, Radoslaw"]
[Black "Sadzikowski, Daniel"]
[Result "0-1"]
[BlackTitle "GM"]
[WhiteElo "2222"]
[BlackElo "2584"]
[WhiteFideId "1182838"]
[BlackFideId "1132253"]
[EventDate "2017.12.15"]
[EventType "blitz"]

1. e4 c5 2. Nf3 d6 3. c3 Nf6 4. Be2 g6 5. O-O Bg7 6. Re1 O-O 7. Bf1 e5 8. d3 Nc6
9. Nbd2 Rb8 10. a4 a6 11. Nc4 b5 12. Ne3 h6 13. axb5 axb5 14. h3 Be6 15. Nh2 Nh7
16. g3 f5 17. exf5 gxf5 18. Bg2 Ne7 19. c4 Nf6 20. Ra6 Qd7 21. cxb5 Rxb5 22. Nc4
Ne8 23. Qa4 Bxc4 24. dxc4 Rb7 25. Bxb7 Qxb7 26. Qb5 Qc8 27. Ra7 Ng6 28. Qb7 Qxb7
29. Rxb7 e4 30. b4 cxb4 31. Rd1 Ne5 32. Rxb4 Nd3 33. Rb7 Be5 34. Nf1 Nf6 35. Ne3
Bd4 36. Ba3 Ne8 37. Rd7 f4 38. gxf4 Rxf4 39. Bxd6 Nxd6 40. Rxd6 Bc5 41. Rd8+ Kf7
42. Rd2 Nxf2 43. R8d7+ Ke8 44. Rd8+ Kf7 45. R8d7+ Ke8 46. Rd8+ Kf7 47. R8d5 Bxe3
48. Rd7+ Kg6 49. R2d6+ Rf6 50. Rxf6+ Kxf6 51. Rd6+ Ke5 52. Rd5+ Kf4 53. Kg2 Nd3
54. Rd6 Ke5 55. Rd5+ Ke6 56. Rd8 Ne5 57. Re8+ Kf6 58. Rf8+ Ke7 59. Rc8 Kd7 60.
Rg8 Nxc4 61. Rg7+ Ke6 62. Kg3 Ne5 63. Rb7 Bd2 64. Kf2 Kf5 65. Rb5 Bg5 66. Rb8
Ng6 67. Rb5+ Kf4 68. Rb6 Ne7 69. Rb8 Nf5 70. Rb4 Bh4+ 71. Ke2 Ng3+ 72. Kf2 Nf5+
73. Ke2 Bf6 74. Kf2 Nd4 75. Rb6 Bh4+ 76. Kf1 Bg5 77. Rb4 Nc2 78. Rb2 Ne3+ 79.
Ke2 Nc4 80. Rb4 Ne5 81. Rb8 Nd7 82. Rb7 Nf6 83. Rb3 Nd5 84. Ra3 Bf6 85. Ra5 Nc3+
86. Kf1 e3 87. Rc5 Ne4 88. Rc6 Bg5 89. Rc8 Ng3+ 90. Ke1 Kf3 91. Rf8+ Kg2 92. h4
Bxh4 93. Re8 Bg5 94. Kd1 e2+ 95. Ke1 Bf6 96. Re3 Bd4 97. Rd3 Bf2+ 0-1

[Event "European Blitz 2017"]
[Site "Katowice POL"]
[Date "2017.12.15"]
[Round "19.84"]
[White "Kahleys, Kevin"]
[Black "Kumala, Aleksander"]
[Result "1-0"]
[WhiteElo "2195"]
[BlackElo "2220"]
[WhiteFideId "24669601"]
[BlackFideId "1141880"]
[EventDate "2017.12.15"]
[EventType "blitz"]

1. d4 Nf6 2. Nf3 e6 3. g3 d5 4. Bg2 Be7 5. O-O O-O 6. a4 c5 7. c4 Nc6 8. cxd5
Nxd5 9. e4 Ndb4 10. Be3 cxd4 11. Nxd4 e5 12. Nxc6 Nxc6 13. Nc3 Be6 14. Nd5 Rc8
15. Qd2 b6 16. Rac1 Bxd5 17. exd5 Nb4 18. Rxc8 Qxc8 19. d6 Rd8 20. Qxb4 Bxd6 21.
Qb3 Bc5 22. Bxc5 Qxc5 23. Rd1 Rxd1+ 24. Qxd1 g6 25. Qd2 Qc4 26. Qd1 Qb4 27. b3
Qc3 28. h4 h5 29. Qd5 Qe1+ 30. Bf1 Kg7 31. Qf3 Qc1 32. Qe3 Qa1 33. Kg2 Qb2 34.
Bc4 a5 35. Qf3 f5 36. Qb7+ Kh6 37. Qxb6 e4 38. Qd8 e3 39. Qf8+ Kh7 40. Bg8+ Kh8
41. Bf7+ Kh7 42. Qg8+ Kh6 43. Qxg6# 1-0

[Event "European Blitz 2017"]
[Site "Katowice POL"]
[Date "2017.12.15"]
[Round "19.85"]
[White "Balaian, Alina"]
[Black "Budrewicz, Krzysztof"]
[Result "0-1"]
[WhiteTitle "WIM"]
[WhiteElo "2224"]
[BlackElo "2204"]
[WhiteFideId "24115347"]
[BlackFideId "1127950"]
[EventDate "2017.12.15"]
[EventType "blitz"]

1. e4 g6 2. d4 Bg7 3. Nc3 d6 4. f4 a6 5. Nf3 b5 6. Bd3 Nd7 7. Ne2 Bb7 8. a4 b4
9. O-O Ngf6 10. Ng3 c5 11. c3 O-O 12. e5 Nd5 13. Ne4 bxc3 14. bxc3 cxd4 15. cxd4
dxe5 16. fxe5 Rc8 17. Rb1 Rc7 18. Bd2 Qa8 19. Ba5 Rcc8 20. Qb3 Bc6 21. Neg5 e6
22. Ne4 Nf4 23. Nd6 Bd5 24. Qa3 Rc6 25. Ng5 Nxd3 26. Qxd3 h6 27. Ngxf7 Kh7 28.
Qg3 Rc2 29. Rf2 Qc6 30. Rbf1 Rxf2 31. Qxf2 Qxa4 32. Qd2 Qa2 33. Qxa2 Bxa2 34.
Rc1 Bd5 35. Rc7 Nb8 36. Ra7 Nc6 37. Rxa6 Nxa5 38. Rxa5 Rb8 39. Rb5 Ra8 40. Rb2
Ra4 41. Nb5 Ra1+ 42. Kf2 Rc1 43. Nfd6 h5 44. g3 Bh6 45. Re2 Rh1 46. h4 Kg7 47.
Rb2 Rh2+ 0-1

[Event "European Blitz 2017"]
[Site "Katowice POL"]
[Date "2017.12.15"]
[Round "19.86"]
[White "Pavlidou, Ekaterini"]
[Black "Tomaszewski, Roman"]
[Result "0-1"]
[WhiteTitle "WIM"]
[BlackTitle "IM"]
[WhiteElo "2196"]
[BlackElo "2285"]
[WhiteFideId "4213262"]
[BlackFideId "1100637"]
[EventDate "2017.12.15"]
[EventType "blitz"]

1. c4 Nf6 2. g3 c6 3. Bg2 d5 4. Nf3 g6 5. b3 Bg7 6. Bb2 O-O 7. O-O a5 8. d3 Na6
9. a3 c5 10. Nc3 d4 11. Nb5 Ne8 12. Nd2 Rb8 13. Qb1 b6 14. Ra2 Bb7 15. Bxb7 Rxb7
16. e3 dxe3 17. fxe3 Bh6 18. Rf3 Nac7 19. Nf1 Nxb5 20. cxb5 Qd5 21. Qd1 a4 22.
e4 Qxb3 23. Qa1 Qxb5 24. g4 Rd7 25. Rh3 Bg7 26. Bxg7 Nxg7 27. Rd2 Rfd8 28. Qd1
Qb3 29. Qe1 Qc3 30. Qh4 h5 31. d4 Qc4 32. d5 Qb5 33. gxh5 Nxh5 34. Rhd3 c4 35.
Rd4 Qc5 36. Qf2 e5 37. dxe6 Rxd4 38. Rxd4 Qxd4 39. Ne3 fxe6 40. e5 Qxe5 41. Nxc4
Qd4 42. Qxd4 Rxd4 0-1

[Event "European Blitz 2017"]
[Site "Katowice POL"]
[Date "2017.12.15"]
[Round "19.87"]
[White "Smieszek, Wojciech"]
[Black "Sabuk, Piotr"]
[Result "1-0"]
[BlackTitle "IM"]
[WhiteElo "2185"]
[BlackElo "2382"]
[WhiteFideId "1156047"]
[BlackFideId "1137565"]
[EventDate "2017.12.15"]
[EventType "blitz"]

1. e4 e5 2. Nf3 Nc6 3. Bb5 a6 4. Ba4 Nf6 5. Qe2 Bd6 6. c3 O-O 7. O-O Re8 8. Re1
Bf8 9. d3 g6 10. Nbd2 Bg7 11. a3 h6 12. Nf1 d5 13. Ng3 b5 14. Bb3 Bb7 15. exd5
Nxd5 16. Ne4 Kh7 17. Nc5 Bc8 18. Qe4 Be6 19. Nxe6 fxe6 20. Bc2 Qf6 21. c4 Nde7
22. Bd2 Qf5 23. Bc3 Rad8 24. Nxe5 Nxe5 25. Bxe5 Bxe5 26. Qxe5 Qxe5 27. Rxe5 Nc6
28. Rc5 Nd4 29. Rxc7+ Kh8 30. cxb5 axb5 31. Re1 Rc8 32. Rxc8 Rxc8 33. Bb1 Kg7
34. f3 Kf6 35. Kf2 e5 36. Ke3 1-0

[Event "European Blitz 2017"]
[Site "Katowice POL"]
[Date "2017.12.15"]
[Round "19.88"]
[White "Reza, Wojciech"]
[Black "Cieslar, Michal"]
[Result "0-1"]
[WhiteElo "2283"]
[BlackElo "2032"]
[WhiteFideId "1151967"]
[BlackFideId "1141066"]
[EventDate "2017.12.15"]
[EventType "blitz"]

1. e4 d6 2. d4 g6 3. Nc3 Bg7 4. Bg5 Nd7 5. Qd2 h6 6. Be3 c6 7. a4 Qc7 8. f3 a6
9. Bc4 e6 10. Nge2 Ngf6 11. Bb3 c5 12. O-O c4 13. Ba2 h5 14. b3 cxb3 15. cxb3
O-O 16. Rfc1 Qa5 17. Rab1 d5 18. b4 Qd8 19. exd5 Nxd5 20. Nxd5 exd5 21. Bxd5 Nb6
22. Bb3 Bf5 23. Ra1 Re8 24. Ng3 Rxe3 25. Nxf5 gxf5 26. a5 Rxb3 27. axb6 Qxd4+
28. Qxd4 Bxd4+ 0-1

[Event "European Blitz 2017"]
[Site "Katowice POL"]
[Date "2017.12.15"]
[Round "19.89"]
[White "Baliasnyj, Timur"]
[Black "Lewicki, Miroslaw"]
[Result "0-1"]
[BlackTitle "CM"]
[WhiteElo "2220"]
[BlackElo "2404"]
[WhiteFideId "12802719"]
[BlackFideId "1113380"]
[EventDate "2017.12.15"]
[EventType "blitz"]

1. Nf3 Nf6 2. g3 e6 3. Bg2 c5 4. c4 d5 5. d4 dxc4 6. Qa4+ Nbd7 7. O-O Be7 8.
dxc5 O-O 9. Qxc4 Bxc5 10. Nc3 h6 11. b4 Be7 12. Bb2 e5 13. Rfd1 Qe8 14. Nb5 Nb6
15. Qc7 Nbd5 16. Rxd5 Nxd5 17. Qxe5 Bf6 18. Qxe8 Rxe8 19. Bxf6 gxf6 20. Nfd4 a6
21. Nd6 Rd8 22. Bxd5 Rxd6 23. e4 Be6 24. Rd1 Rad8 25. Nxe6 fxe6 26. Bxe6+ Kf8
27. Bd5 f5 28. f3 Kg7 29. Kf2 Kf6 30. Ke3 b6 31. Rc1 fxe4 32. fxe4 Re8 33. Kd4
Kg5 34. h3 a5 35. bxa5 bxa5 36. Rc7 Rb8 37. Rg7+ Kf6 38. Rf7+ Kg6 39. Ra7 Rf6
40. Rxa5 Rf3 41. Ra6+ Kg5 42. e5 Rxg3 43. e6 Kf6 0-1

[Event "European Blitz 2017"]
[Site "Katowice POL"]
[Date "2017.12.15"]
[Round "19.90"]
[White "Krainski, Aleksander"]
[Black "Bednarek, Sylwester"]
[Result "0-1"]
[WhiteTitle "FM"]
[BlackTitle "FM"]
[WhiteElo "2203"]
[BlackElo "2307"]
[WhiteFideId "1102400"]
[BlackFideId "1101811"]
[EventDate "2017.12.15"]
[EventType "blitz"]

1. e4 e6 2. d4 d5 3. Nd2 a6 4. Ngf3 c5 5. dxc5 Bxc5 6. Bd3 Nc6 7. O-O Nf6 8.
exd5 exd5 9. Re1+ Be7 10. h3 O-O 11. Nb3 Re8 12. Bf4 Nb4 13. Bf1 Bf5 14. Nfd4
Bg6 15. c3 Nc6 16. Bd3 Ne4 17. f3 Nc5 18. Bxg6 hxg6 19. Kh1 Nd7 20. Qd2 Nb6 21.
Nxc6 bxc6 22. Nd4 Qd7 23. Rad1 c5 24. Nb3 Qa4 25. Be3 Rac8 26. Bxc5 Bxc5 27.
Rxe8+ Qxe8 0-1